000 00682nam a22002297a 4500
003 UA-OsUOA
001 40746
007 ta
008 20080625b un ||||| |||| 00| 0 ukr d
090 _a7(017)
_bУ45
942 _cBR
040 _aUA-OsUOA
_bukr
_cUA-OsUOA
_dUA-OsUOA
245 _aУкраїнська мистецька вистава
_bМалярство, графіка, скульптура 15-25 березня 1952
300 _a47 с.
955 _a4
041 _aukr
080 _a7(017)
260 _c1952
246 3 1 _aКаталог першої митецької вистави
650 7 _a7 Мистецтво. Ігри. Спорт.
_2UDC
999 _c439252
_d439252